[Event "Sparkassen Chess Trophy 2022 A-Open"]
[Site "Dortmund"]
[Date "2024.08.12"]
[Round "3"]
[White "Steinmetzer, Thomas"]
[Black "Brotto, Alessandro"]
[Result "0-1"]
[WhiteElo "2215"]
[BlackElo "2037"]
[PlyCount "78"]
[EventDate "2024.08.10"]

1. e4 e5 2. Nf3 Nc6 3. Bb5 a6 4. Ba4 Nf6 5. O-O Be7 6. Re1 b5 7. Bb3 d6 8. c3 O-O 9. h3 Nd7 10. d4 Bb7 11. Nbd2 exd4 12. cxd4 a5 13. a4 bxa4 14. Rxa4 Nb4 15. Nc4 Nb6 16. Ra1 a4 17. Nxb6 axb3 18. Nxa8 Nc2 19. Ra4 Nxe1 20. Nxe1 Bxa8 21. d5 f5 22. Qxb3 fxe4 23. Nc2 Bh4 24. Be3 Qf6 25. Rxe4 Bxf2+ 26. Kh2 Qf5 27. Rd4 Bxe3 28. Qxe3 Qxc2 29. Qe6+ Kh8 30. Rf4 Rg8 31. b4 Qd2 32. Rf5 Qxb4 33. Qf7 Qe4 34. g4 c5 35. Kg3 Qe1+ 36. Kf4 Qe8 37. Qc7 Qd8 38. Qf7 g6 39. Rf6 Bxd5 0-1

[Event "Sparkassen Chess Trophy 2022 A-Open"]
[Site "Dortmund"]
[Date "2024.08.12"]
[Round "3"]
[White "Pfaltz, Maximilian"]
[Black "Strehse, Nelson"]
[Result "0-1"]
[WhiteElo "2061"]
[BlackElo "2223"]
[PlyCount "104"]
[EventDate "2024.08.10"]

1. e4 c5 2. Nf3 e6 3. d4 cxd4 4. Nxd4 Nc6 5. Nc3 Qc7 6. Be3 a6 7. g4 h6 8. Bg2 b5 9. Nxc6 Qxc6 10. Rg1 Bb7 11. Qd4 Qd6 12. O-O-O Qxd4 13. Bxd4 d6 14. f4 Ne7 15. e5 Bxg2 16. Rxg2 d5 17. Bc5 Rc8 18. Bxe7 Bxe7 19. Ne2 h5 20. g5 g6 21. Nd4 Rc4 22. Rd3 Kd7 23. Rgd2 Rhc8 24. Kb1 Bb4 25. Rd1 Kd8 26. h3 Kd7 27. h4 Kd8 28. Kc1 Kc7 29. Kb1 Kb7 30. Kc1 Bc5 31. R1d2 Bb6 32. Kb1 Bd8 33. Rd1 Kb6 34. R1d2 Be7 35. Rd1 Rb8 36. R1d2 a5 37. Rd1 Ka6 38. R1d2 Rbc8 39. Rd1 Bb4 40. Kc1 a4 41. a3 Bc5 42. c3 b4 43. axb4 Bxb4 44. Kd2 Bc5 45. Ra1 Kb6 46. Ke3 Rc7 47. Kf3 Bxd4 48. cxd4 Rb4 49. Ke3 Rc2 50. Rda3 Rcxb2 51. Rc1 R4b3+ 52. Rxb3+ axb3 0-1

[Event "Sparkassen Chess Trophy 2022 A-Open"]
[Site "Dortmund"]
[Date "2024.08.12"]
[Round "3"]
[White "Panjer, Sidney"]
[Black "Udelnov, Valentin"]
[Result "1-0"]
[WhiteElo "2208"]
[BlackElo "2037"]
[PlyCount "135"]
[EventDate "2024.08.10"]

1. Nf3 Nf6 2. c4 g6 3. Nc3 Bg7 4. e4 d6 5. d4 O-O 6. Be2 Nbd7 7. O-O e5 8. Re1 c6 9. Bf1 Re8 10. d5 c5 11. h3 Kh8 12. Be3 Ng8 13. Qd2 h6 14. g3 f5 15. exf5 gxf5 16. Nh4 Nf8 17. f4 e4 18. a3 Ne7 19. b4 b6 20. Be2 Nd7 21. Rac1 Rg8 22. Kh2 Bf6 23. Ng2 a6 24. Na4 Qf8 25. bxc5 Qg7 26. Bf2 Nxc5 27. Nxc5 bxc5 28. Ne3 Rb8 29. Rg1 Rb2 30. Rc2 Rb3 31. g4 fxg4 32. Bxg4 Bc3 33. Qe2 Qf7 34. Ng2 Bf5 35. Bg3 Bd4 36. Bf2 Qh5 37. Ne3 Rxe3 38. Bxe3 Bxg4 39. Rxg4 Rxg4 40. Bxd4+ cxd4 41. Qxg4 Qxg4 42. hxg4 h5 43. Rd2 d3 44. Kg3 Nc8 45. Rb2 e3 46. Kf3 e2 47. Rb1 Nb6 48. Ke3 Nxc4+ 49. Kxd3 Nxa3 50. Ra1 e1=Q 51. Rxe1 hxg4 52. Ra1 Nb5 53. Rxa6 g3 54. Ke3 g2 55. Kf2 Nc3 56. Kxg2 Nxd5 57. Kf3 Kg7 58. Rxd6 Nf6 59. f5 Ne8 60. Ra6 Kf7 61. Kf4 Nf6 62. Ra7+ Kf8 63. Kg5 Nd5 64. Rd7 Nb6 65. Rd6 Nc4 66. Rd4 Na5 67. Kf6 Ke8 68. Re4+ 1-0

[Event "Sparkassen Chess Trophy 2022 A-Open"]
[Site "Dortmund"]
[Date "2024.08.12"]
[Round "3"]
[White "Kurt, Sascha"]
[Black "Keyser, Robin"]
[Result "0-1"]
[WhiteElo "2064"]
[BlackElo "2229"]
[PlyCount "146"]
[EventDate "2024.08.10"]

1. e4 c6 2. d4 d5 3. e5 Bf5 4. h4 h5 5. Bd3 Bxd3 6. Qxd3 Qa5+ 7. Nd2 e6 8. Ngf3 Ne7 9. O-O Nf5 10. Nb3 Qb5 11. Qd1 c5 12. c3 c4 13. Nbd2 Be7 14. g3 Nd7 15. b3 cxb3 16. axb3 O-O 17. Ba3 Bxa3 18. Rxa3 a6 19. Ng5 g6 20. Qf3 Rac8 21. Raa1 Rc7 22. Rfc1 Rfc8 23. c4 Qb4 24. Qf4 Nb8 25. Ra4 Qe7 26. c5 b6 27. b4 b5 28. Raa1 Nc6 29. Ndf3 Ra7 30. Rcb1 Rb8 31. Qd2 Qc7 32. Qb2 a5 33. bxa5 Rxa5 34. Rxa5 Qxa5 35. Ra1 Qc7 36. Nh3 b4 37. Nf4 Qb7 38. Nd3 Qb5 39. Nc1 Qc4 40. Ne2 b3 41. Rc1 Qb4 42. Rb1 Kg7 43. Kg2 Qb5 44. Nc1 Qa4 45. Ne2 Na5 46. Nd2 Qa2 47. Nc1 Qxb2 48. Rxb2 Nxd4 49. Ncxb3 Ndxb3 50. Nxb3 Nc4 51. Rb1 Nxe5 52. Nd2 Rxb1 53. Nxb1 Kf8 54. Nd2 Ke7 55. f4 Nd3 56. Nb3 Kd7 57. Kf3 Kc6 58. g4 Nxc5 59. Nd4+ Kd6 60. gxh5 gxh5 61. Ke3 Ne4 62. Nf3 f6 63. Kd3 Ng3 64. Ng1 Kc5 65. Kc3 d4+ 66. Kd3 Kd5 67. Nf3 Nf5 68. Nd2 Ng3 69. Nf3 e5 70. fxe5 fxe5 71. Ng5 e4+ 72. Kd2 Nf5 73. Nh3 Ke5 0-1

[Event "Sparkassen Chess Trophy 2022 A-Open"]
[Site "Dortmund"]
[Date "2024.08.12"]
[Round "3"]
[White "Zwirs, Jasper"]
[Black "Noeldner, Julian"]
[Result "0-1"]
[WhiteElo "2088"]
[BlackElo "2189"]
[PlyCount "68"]
[EventDate "2024.08.10"]

1. d4 Nf6 2. Nc3 d5 3. Bf4 g6 4. e3 Bg7 5. h4 h5 6. Nf3 O-O 7. Qd2 c5 8. Ne5 Nc6 9. f3 cxd4 10. exd4 Bf5 11. Bb5 Rc8 12. Bxc6 bxc6 13. Na4 Ne8 14. O-O-O f6 15. Nd3 Nd6 16. b3 Re8 17. Rde1 Nf7 18. Nac5 e5 19. Be3 Rc7 20. Kb1 Rce7 21. Nf2 exd4 22. Bxd4 Ne5 23. Qc3 Kf8 24. Rhf1 Qd6 25. f4 Ng4 26. Nxg4 hxg4 27. g3 Re2 28. Rxe2 Rxe2 29. Nd3 Qe6 30. Bxa7 Bxd3 31. Qxd3 f5 32. Rd1 Re1 33. Bf2 Qf6 34. Kc1 Qa1+ 0-1

[Event "Sparkassen Chess Trophy 2022 A-Open"]
[Site "Dortmund"]
[Date "2024.08.12"]
[Round "3"]
[White "Collin, Moritz Valentin"]
[Black "Vollbehr, Bjarne"]
[Result "1-0"]
[WhiteElo "2234"]
[BlackElo "2019"]
[PlyCount "119"]
[EventDate "2024.08.10"]

1. d4 d5 2. c4 dxc4 3. e4 e5 4. Nf3 exd4 5. Bxc4 Nc6 6. O-O Be6 7. Bxe6 fxe6 8. Qb3 Qd7 9. Qxb7 Rb8 10. Qa6 Nf6 11. Nbd2 Bd6 12. a3 O-O 13. b4 e5 14. Ne1 Nd8 15. Nd3 Ne6 16. f3 Rb6 17. Qa5 c5 18. Nc4 Qc7 19. Nxd6 Rxd6 20. Qxc7 Nxc7 21. Nxc5 Nd7 22. Nd3 Nb5 23. Bb2 Rc6 24. Rac1 Rfc8 25. Rxc6 Rxc6 26. Rc1 Ra6 27. Nc5 Nxc5 28. Rxc5 Nxa3 29. Bxa3 Rxa3 30. Rxe5 d3 31. Rd5 Ra1+ 32. Kf2 Ra2+ 33. Kg3 d2 34. b5 h6 35. h4 Rb2 36. Kf4 Kf7 37. Ke3 Ke6 38. Rxd2 Rxb5 39. Ra2 a5 40. Kf4 g6 41. Ra4 Rc5 42. Rd4 Rc6 43. Ke3 Ra6 44. Ra4 Ra8 45. Kd4 Kd6 46. e5+ Ke6 47. Ke4 Ra6 48. h5 g5 49. g3 Rb6 50. Rxa5 Rb4+ 51. Ke3 Rb3+ 52. Kf2 Rb2+ 53. Kg1 Rb3 54. Kg2 Rb2+ 55. Kh3 Kf5 56. g4+ Kf4 57. e6 Rb8 58. Rf5+ Ke3 59. Kg3 Re8 60. Rf6 1-0

[Event "Sparkassen Chess Trophy 2022 A-Open"]
[Site "Dortmund"]
[Date "2024.08.12"]
[Round "3"]
[White "Albert, Markus"]
[Black "Mann, Gergely"]
[Result "1-0"]
[WhiteElo "2247"]
[BlackElo "2062"]
[PlyCount "73"]
[EventDate "2024.08.10"]

1. Nc3 d5 2. e4 c6 3. Qf3 dxe4 4. Nxe4 Nf6 5. Bc4 Nbd7 6. d4 Nb6 7. Bd3 Nbd5 8. c3 g6 9. Ne2 Bg7 10. O-O Nxe4 11. Bxe4 Nf6 12. Bd3 Bg4 13. Qg3 Qd7 14. Re1 O-O 15. Qh4 c5 16. f3 Be6 17. Bc2 cxd4 18. Nxd4 Bd5 19. Bg5 Rad8 20. Rad1 Qc7 21. a3 Rfe8 22. Kh1 a6 23. Rd2 b6 24. Rde2 Bc4 25. Re3 Nd5 26. Bxe7 Nxe3 27. Bxd8 Qxd8 28. Qxd8 Rxd8 29. Rxe3 Bxd4 30. cxd4 Rxd4 31. Kg1 Kg7 32. Rc3 Kf6 33. Kf2 Ke5 34. Ke3 f5 35. g3 g5 36. Bxf5 h6 37. Be4 1-0

[Event "Sparkassen Chess Trophy 2022 A-Open"]
[Site "Dortmund"]
[Date "2024.08.12"]
[Round "3"]
[White "Schimnatkowski, Lukas"]
[Black "Herrmann, Jakob"]
[Result "1-0"]
[WhiteElo "2235"]
[BlackElo "2065"]
[PlyCount "105"]
[EventDate "2024.08.10"]

1. e4 c6 2. d4 d5 3. Nd2 dxe4 4. Nxe4 Nf6 5. Nxf6+ exf6 6. c3 Bd6 7. Bd3 O-O 8. Ne2 Re8 9. O-O Nd7 10. Ng3 Nf8 11. f4 c5 12. d5 g6 13. c4 f5 14. b3 Be7 15. Bb2 Bf6 16. Qd2 h5 17. Rae1 Bd7 18. Be5 Nh7 19. Re2 Be7 20. Rfe1 f6 21. Bc3 Bd6 22. Rxe8+ Bxe8 23. Nf1 Bf7 24. g3 Bf8 25. Qf2 b5 26. cxb5 Qxd5 27. Bc4 Qd7 28. Ne3 Bxc4 29. bxc4 Qd3 30. Qd2 Rd8 31. Qxd3 Rxd3 32. Nd5 h4 33. Kf2 hxg3+ 34. Ke2 Rxd5 35. cxd5 gxh2 36. Rh1 Bd6 37. Bd2 g5 38. Rxh2 Kg7 39. Rh3 gxf4 40. Ra3 Ng5 41. Rxa7+ Kg6 42. Rd7 f3+ 43. Kf1 Ne4 44. Be1 Be5 45. b6 c4 46. b7 Nc5 47. Re7 Na6 48. Re8 Kf7 49. Rc8 Ke7 50. Rxc4 Nb8 51. Bb4+ Kd7 52. d6 Na6 53. Ba3 1-0

[Event "Sparkassen Chess Trophy 2022 A-Open"]
[Site "Dortmund"]
[Date "2024.08.12"]
[Round "3"]
[White "Beisteiner, Joachim"]
[Black "Stelmaszyk, Nico"]
[Result "0-1"]
[WhiteElo "2089"]
[BlackElo "2380"]
[PlyCount "88"]
[EventDate "2024.08.10"]

1. e4 c5 2. Nf3 Nc6 3. Bb5 e5 4. O-O Bd6 5. c3 a6 6. Ba4 b5 7. Bc2 Nge7 8. d4 cxd4 9. cxd4 Nxd4 10. Nxd4 exd4 11. Nd2 Nc6 12. f4 Bc5 13. Kh1 d6 14. a4 Bb7 15. Qh5 Qe7 16. axb5 axb5 17. Rxa8+ Bxa8 18. Bd3 O-O 19. e5 g6 20. Qh6 Nxe5 21. fxe5 dxe5 22. Ne4 f5 23. Nxc5 Qxc5 24. Qd2 b4 25. Qe2 Bd5 26. Bh6 Rc8 27. Bxf5 gxf5 28. Qh5 Qc6 29. Kg1 Qg6 30. Qh3 Rc2 31. Rf2 Rxf2 32. Kxf2 Qg4 33. Qxg4+ fxg4 34. b3 Bxb3 35. Bd2 Kf7 36. Bxb4 Ke6 37. h3 gxh3 38. gxh3 Kd5 39. Kg3 Bd1 40. Ba5 Ke4 41. Kf2 Kd3 42. h4 e4 43. Bb6 e3+ 44. Ke1 Bh5 0-1

[Event "Sparkassen Chess Trophy 2022 A-Open"]
[Site "Dortmund"]
[Date "2024.08.12"]
[Round "3"]
[White "Kulon, Klaudia"]
[Black "Reinhardt, Johannes"]
[Result "1-0"]
[WhiteElo "2415"]
[BlackElo "1925"]
[PlyCount "39"]
[EventDate "2024.08.10"]

1. b3 d5 2. Bb2 c5 3. e3 a6 4. f4 Nc6 5. Nf3 Bg4 6. Be2 e6 7. O-O f6 8. c4 Nh6 9. h3 Bxf3 10. Bxf3 Qd7 11. cxd5 exd5 12. Nc3 Ne7 13. Na4 Nc8 14. Rc1 b6 15. d4 Nf5 16. dxc5 Bxc5 17. Nxc5 bxc5 18. Bxd5 Rb8 19. Rxc5 Nce7 20. Bf7+ 1-0

[Event "Sparkassen Chess Trophy 2022 A-Open"]
[Site "Dortmund"]
[Date "2024.08.12"]
[Round "3"]
[White "Goldinov, Daniel"]
[Black "Ferro, Mario"]
[Result "0-1"]
[WhiteElo "1989"]
[BlackElo "2235"]
[PlyCount "28"]
[EventDate "2024.08.10"]

1. c4 e6 2. Nc3 d5 3. cxd5 exd5 4. d4 Nf6 5. Bg5 c6 6. e3 Bd6 7. f4 h6 8. Bxf6 Qxf6 9. Nf3 a5 10. g3 Qe7 11. Qe2 Bg4 12. O-O-O Bb4 13. Bg2 Bxc3 14. bxc3 Kf8 0-1

[Event "Sparkassen Chess Trophy 2022 A-Open"]
[Site "Dortmund"]
[Date "2024.08.12"]
[Round "3"]
[White "Follesa, Enrico"]
[Black "Christodoulaki, Antonia"]
[Result "0-1"]
[WhiteElo "2241"]
[BlackElo "1994"]
[PlyCount "58"]
[EventDate "2024.08.10"]

1. e4 e6 2. d4 d5 3. Nd2 c5 4. exd5 Qxd5 5. Ngf3 cxd4 6. Bc4 Qd6 7. O-O Nf6 8. Nb3 Nc6 9. Nbxd4 Nxd4 10. Nxd4 Be7 11. Bd3 a6 12. c3 O-O 13. Qe2 Qc7 14. Re1 Bd6 15. h3 Bh2+ 16. Kh1 Bf4 17. Nf3 Bxc1 18. Raxc1 b6 19. Ne5 Bb7 20. Rcd1 Rfd8 21. Rd2 Rd5 22. f4 Rad8 23. Rc2 g6 24. Qe3 Nh5 25. Rd2 Qc5 26. Qxc5 bxc5 27. Re3 Nxf4 28. c4 Rd4 29. Kh2 f6 0-1

[Event "Sparkassen Chess Trophy 2022 A-Open"]
[Site "Dortmund"]
[Date "2024.08.12"]
[Round "3"]
[White "Winkler, Yonathan"]
[Black "Rosen, Bernd"]
[Result "1/2-1/2"]
[WhiteElo "2047"]
[BlackElo "2245"]
[PlyCount "48"]
[EventDate "2024.08.10"]

1. e4 e6 2. d4 d5 3. exd5 exd5 4. Nf3 Nc6 5. Bb5 Bd6 6. c4 dxc4 7. d5 a6 8. Ba4 b5 9. dxc6 bxa4 10. O-O Ne7 11. Nbd2 Be6 12. Qxa4 Bd5 13. Nxc4 Bxc6 14. Nxd6+ Qxd6 15. Qg4 O-O 16. Bf4 Qb4 17. a3 Qb7 18. Ne5 Be4 19. Rfe1 Ng6 20. Nxg6 Bxg6 21. Be5 c5 22. h4 f6 23. Bc3 Qf7 24. Qe6 Rfe8 1/2-1/2

[Event "Sparkassen Chess Trophy 2022 A-Open"]
[Site "Dortmund"]
[Date "2024.08.12"]
[Round "3"]
[White "Song, Ethan"]
[Black "Hoppe, Thilo"]
[Result "1/2-1/2"]
[WhiteElo "2269"]
[BlackElo "2101"]
[PlyCount "144"]
[EventDate "2024.08.10"]

1. e4 e6 2. d4 d5 3. Nd2 Be7 4. Ngf3 c5 5. exd5 Qxd5 6. Bc4 Qc6 7. Qe2 a6 8. dxc5 Qxc5 9. Ne4 Qc7 10. Bd2 Nf6 11. Bc3 Nc6 12. Nxf6+ Bxf6 13. Bxf6 gxf6 14. O-O-O Bd7 15. Rd2 O-O-O 16. Rhd1 Kb8 17. Qe4 Bc8 18. Qh4 Rxd2 19. Rxd2 f5 20. Qf6 Rg8 21. g3 Rg4 22. b3 Qa5 23. Kb2 Qc7 24. h3 Rg8 25. Be2 Rg6 26. Qh8 f4 27. g4 f6 28. Qd8 Qe7 29. Qxe7 Nxe7 30. Bd3 Rg7 31. Be4 Kc7 32. c4 Nc6 33. a3 a5 34. Kc3 h6 35. Re2 e5 36. b4 axb4+ 37. axb4 Rd7 38. Re1 Nd4 39. Nd2 Rd8 40. b5 Kb6 41. Bd3 Ne6 42. Bc2 Nc5 43. f3 Be6 44. Ra1 Rh8 45. Bg6 Rg8 46. Bc2 Rh8 47. h4 h5 48. g5 fxg5 49. hxg5 h4 50. Rh1 h3 51. g6 Kc7 52. Ne4 Nxe4+ 53. Bxe4 b6 54. Kb4 Rd8 55. Bd5 Bxd5 56. cxd5 Kd6 57. Rxh3 Kxd5 58. Rh7 Rg8 59. Rd7+ Ke6 60. Rb7 e4 61. fxe4 f3 62. Rxb6+ Ke5 63. Ra6 f2 64. Ra1 Kxe4 65. Rf1 Ke3 66. Kc5 Rxg6 67. b6 Ke2 68. Rxf2+ Kxf2 69. b7 Rg8 70. Kc6 Ke3 71. Kc7 Kd4 72. b8=Q Rxb8 1/2-1/2

[Event "Sparkassen Chess Trophy 2022 A-Open"]
[Site "Dortmund"]
[Date "2024.08.12"]
[Round "3"]
[White "Koehler, Ronald"]
[Black "Gallana, Marco"]
[Result "1/2-1/2"]
[WhiteElo "2104"]
[BlackElo "2276"]
[PlyCount "77"]
[EventDate "2024.08.10"]

1. d4 Nf6 2. c4 g6 3. Nc3 d5 4. Nf3 Bg7 5. Qb3 dxc4 6. Qxc4 O-O 7. e4 c6 8. Be2 e5 9. Nxe5 b5 10. Qd3 b4 11. Na4 Ba6 12. Nc4 Nxe4 13. Be3 Nd6 14. b3 Nd7 15. Rc1 Bb5 16. Qd2 Nf5 17. O-O Nf6 18. Rfd1 Nd5 19. Bg5 Qc7 20. Ne3 Nfxe3 21. fxe3 Bxa4 22. bxa4 Nc3 23. Rf1 Ne4 24. Bf4 Nxd2 25. Bxc7 Nxf1 26. Bxf1 Rfe8 27. Bf4 a5 28. Rxc6 Rac8 29. Bb5 Rxc6 30. Bxc6 Rc8 31. d5 f5 32. h4 Kf7 33. Kf2 Bf6 34. g3 Bd8 35. Kf3 Bc7 36. Bd7 Bxf4 37. Bxc8 Bd6 38. g4 fxg4+ 39. Bxg4 1/2-1/2

[Event "Sparkassen Chess Trophy 2022 A-Open"]
[Site "Dortmund"]
[Date "2024.08.12"]
[Round "3"]
[White "Scholz, Christian"]
[Black "Burkart, Lloyd Shang"]
[Result "1/2-1/2"]
[WhiteElo "2305"]
[BlackElo "2123"]
[PlyCount "132"]
[EventDate "2024.08.10"]

1. d4 Nf6 2. c4 e6 3. Nc3 Bb4 4. Qc2 O-O 5. a3 Bxc3+ 6. Qxc3 b6 7. Nf3 Bb7 8. Bg5 h6 9. Bh4 d6 10. e3 Nbd7 11. Be2 Qe7 12. O-O g5 13. Bg3 Ne4 14. Qc2 f5 15. b4 e5 16. c5 Nxg3 17. hxg3 dxc5 18. bxc5 Bxf3 19. gxf3 bxc5 20. dxe5 Qxe5 21. f4 Qe7 22. Bd3 Qf6 23. Rad1 Rad8 24. Rd2 Kg7 25. Rfd1 g4 26. Bxf5 Qxf5 27. Qxf5 Rxf5 28. Rxd7+ Rxd7 29. Rxd7+ Kg6 30. Rxc7 Rd5 31. Rxa7 c4 32. Rc7 Ra5 33. Rxc4 Rxa3 34. e4 Ra1+ 35. Kg2 Re1 36. Rd4 Kg7 37. e5 Kf7 38. Rd6 Kg7 39. Rd3 Kf7 40. Re3 Rb1 41. f5 Rb7 42. Re2 Ke7 43. f3 h5 44. fxg4 hxg4 45. Kf2 Rb3 46. Re4 Rf3+ 47. Kg2 Rxf5 48. Rxg4 Rxe5 49. Rf4 Ke6 50. Kh3 Rh5+ 51. Kg4 Rh8 52. Rf5 Rg8+ 53. Rg5 Rb8 54. Kh5 Kf7 55. Rg6 Rb1 56. g4 Rc1 57. Kh6 Rh1+ 58. Kg5 Rc1 59. Ra6 Rc8 60. Ra7+ Kg8 61. Kg6 Rc6+ 62. Kh5 Rc8 63. g5 Rb8 64. Kh6 Rb6+ 65. g6 Rb8 66. Ra6 Rc8 1/2-1/2

[Event "Sparkassen Chess Trophy 2022 A-Open"]
[Site "Dortmund"]
[Date "2024.08.12"]
[Round "3"]
[White "Sabirov, Rafael"]
[Black "Farokhi, Keyvan"]
[Result "1/2-1/2"]
[WhiteElo "2123"]
[BlackElo "2307"]
[PlyCount "143"]
[EventDate "2024.08.10"]

1. e4 c6 2. d4 d5 3. f3 g6 4. e5 Bg7 5. f4 h5 6. Nf3 Bg4 7. Be2 Nh6 8. O-O Nf5 9. c3 e6 10. Ng5 Bxe2 11. Qxe2 Qb6 12. a4 c5 13. dxc5 Qxc5+ 14. Kh1 Nd7 15. Na3 Rc8 16. Nc2 Qc4 17. Qxc4 Rxc4 18. Ne3 Nxe3 19. Bxe3 a6 20. Bd4 Bh6 21. Nh3 Ke7 22. Ng1 Rhc8 23. Ne2 Ke8 24. g3 Bf8 25. Rfb1 R4c7 26. Kg2 Bc5 27. Kf3 Bxd4 28. Nxd4 Rc4 29. a5 Nb8 30. h3 Nc6 31. Nxc6 R8xc6 32. Rd1 Re4 33. Rd3 h4 34. Re3 Rxe3+ 35. Kxe3 hxg3 36. Kf3 Rc4 37. Kxg3 d4 38. cxd4 Rxd4 39. Kg4 Rb4 40. Kg5 Kf8 41. Rb1 Kg7 42. Kg4 Rb3 43. h4 f5+ 44. exf6+ Kxf6 45. Rc1 Rxb2 46. Rc7 Rb5 47. Rd7 Rxa5 48. Rxb7 Ra1 49. Ra7 a5 50. Kf3 a4 51. Ra5 a3 52. Kg2 Ke7 53. h5 gxh5 54. Rxh5 Kd6 55. Ra5 Kc6 56. f5 Kb6 57. f6 Kxa5 58. f7 a2 59. f8=Q Rg1+ 60. Kxg1 a1=Q+ 61. Kf2 Qd4+ 62. Kf3 Qd3+ 63. Kf2 Qd5 64. Ke3 Qe5+ 65. Kd3 Qd5+ 66. Ke3 Kb6 67. Qb8+ Ka6 68. Qc8+ Kb5 69. Qb8+ Kc4 70. Qc7+ Kb3 71. Qb8+ Kc2 72. Qh2+ 1/2-1/2

[Event "Sparkassen Chess Trophy 2022 A-Open"]
[Site "Dortmund"]
[Date "2024.08.12"]
[Round "3"]
[White "Van der Hagen, Loek"]
[Black "Giacomini, Hector"]
[Result "1-0"]
[WhiteElo "2334"]
[BlackElo "2125"]
[PlyCount "73"]
[EventDate "2024.08.10"]

1. e4 c6 2. Nc3 d5 3. Nf3 dxe4 4. Nxe4 Nf6 5. Qe2 Nxe4 6. Qxe4 Nd7 7. Bc4 Nf6 8. Ne5 e6 9. Qe2 b5 10. Bd3 Qc7 11. a4 Bd6 12. Nxc6 b4 13. Nd4 a6 14. Nf5 Be5 15. Nxg7+ Kf8 16. Nh5 Nxh5 17. Qxh5 Bb7 18. O-O Rg8 19. f3 f5 20. c3 Rg6 21. Qh4 Qg7 22. Rf2 Kg8 23. Qxb4 Bxf3 24. Bf1 Bd5 25. d4 Rg4 26. Qc5 Bxh2+ 27. Kxh2 Rh4+ 28. Kg1 Qg3 29. Bf4 Rxf4 30. Rxf4 Qxf4 31. Re1 Qd2 32. Re2 Qd1 33. c4 Be4 34. Re3 Kf7 35. Rg3 Re8 36. Qe5 Re7 37. Rg7+ 1-0

[Event "Sparkassen Chess Trophy 2022 A-Open"]
[Site "Dortmund"]
[Date "2024.08.12"]
[Round "3"]
[White "Reuter, Julian-Frank"]
[Black "Waldhausen Gordon, Frederick"]
[Result "1/2-1/2"]
[WhiteElo "2091"]
[BlackElo "2342"]
[PlyCount "40"]
[EventDate "2024.08.10"]

1. d4 Nf6 2. Nf3 e6 3. g3 c5 4. Bg2 cxd4 5. O-O d5 6. Nxd4 e5 7. Nb3 Be6 8. c4 Nc6 9. cxd5 Nxd5 10. N1d2 Be7 11. Ne4 b6 12. Nc3 Ndb4 13. a3 Qxd1 14. Nxd1 Bxb3 15. axb4 Rc8 16. b5 Nd4 17. Re1 Bb4 18. Nc3 O-O 19. e3 Bxc3 20. bxc3 Nxb5 {Erfassung abgebrochen - unleserlich} 1/2-1/2

[Event "Sparkassen Chess Trophy 2022 A-Open"]
[Site "Dortmund"]
[Date "2024.08.12"]
[Round "3"]
[White "Lang, Daniel"]
[Black "Wegener, Olaf"]
[Result "0-1"]
[WhiteElo "2138"]
[BlackElo "2390"]
[PlyCount "80"]
[EventDate "2024.08.10"]

1. d4 Nf6 2. c4 e6 3. Nc3 Bb4 4. Qc2 O-O 5. Nf3 c5 6. dxc5 Na6 7. g3 Nxc5 8. Bg2 Nce4 9. O-O Nxc3 10. bxc3 Be7 11. e4 d6 12. e5 dxe5 13. Nxe5 Qc7 14. Qe2 Nd7 15. Nxd7 Bxd7 16. Bf4 Qc8 17. Rfd1 Ba4 18. Rd2 Rd8 19. Rxd8+ Bxd8 20. Qb2 Bc6 21. Bxc6 Qxc6 22. Qb5 Bb6 23. Qxc6 bxc6 24. Rd1 Rd8 25. Rxd8+ Bxd8 26. Kf1 Bf6 27. Be3 a6 28. Bd4 e5 29. Bc5 Bg5 30. Ke2 f5 31. f3 Kf7 32. Kd3 Be7 33. Bb4 Ke6 34. g4 g6 35. Ba5 e4+ 36. Ke3 Bc5+ 37. Ke2 Bd6 38. h3 Ke5 39. gxf5 gxf5 40. fxe4 Kxe4 0-1

[Event "Sparkassen Chess Trophy 2022 A-Open"]
[Site "Dortmund"]
[Date "2024.08.12"]
[Round "3"]
[White "Zuferi, Enis"]
[Black "Weigand, Anton"]
[Result "1-0"]
[WhiteElo "2394"]
[BlackElo "2115"]
[PlyCount "81"]
[EventDate "2024.08.10"]

1. d4 d5 2. c4 dxc4 3. Nf3 a6 4. a4 Nc6 5. e3 Na5 6. Nbd2 e6 7. Nxc4 Nxc4 8. Bxc4 Nf6 9. O-O c5 10. Qe2 Be7 11. dxc5 Bxc5 12. Rd1 Qe7 13. b4 Bxb4 14. Bb2 O-O 15. Ne5 Nd7 16. Nxd7 Bxd7 17. Qg4 f5 18. Qxg7+ Qxg7 19. Bxg7 Kxg7 20. Rxd7+ Rf7 21. Bxe6 Rxd7 22. Bxd7 Kf6 23. Rb1 a5 24. g3 Rd8 25. Bb5 b6 26. Rc1 Bc5 27. Rc4 Kg5 28. Kg2 h6 29. Rf4 Rd2 30. Kf3 Bd6 31. Rc4 Bc5 32. Rf4 Bd6 33. Rc4 Bc5 34. h3 Rb2 35. Rc1 Rd2 36. Rc4 Rb2 37. Rc3 Bb4 38. Rc6 Be1 39. h4+ Kh5 40. Be2 b5 41. e4 1-0

[Event "Sparkassen Chess Trophy 2022 A-Open"]
[Site "Dortmund"]
[Date "2024.08.12"]
[Round "3"]
[White "Guo, Philipp Ziming"]
[Black "Bagrationi, Alexander"]
[Result "0-1"]
[WhiteElo "2146"]
[BlackElo "2411"]
[PlyCount "62"]
[EventDate "2024.08.10"]

1. e4 c5 2. Nf3 Nc6 3. d4 cxd4 4. Nxd4 Nf6 5. Nc3 d6 6. Bg5 Bd7 7. Qd2 Rc8 8. O-O-O a6 9. f4 b5 10. Bxf6 gxf6 11. Kb1 Nxd4 12. Qxd4 e6 13. Bd3 Be7 14. f5 Rc5 15. g4 a5 16. Ne2 h5 17. gxh5 e5 18. Qe3 b4 19. c3 Qb6 20. Bc2 Bf8 21. cxb4 axb4 22. Nc1 Bh6 23. Qd3 Ke7 24. Nb3 Bb5 25. Qf3 Rc6 26. Nc1 Rhc8 27. Bb3 Qd4 28. a4 Rxc1+ 29. Rxc1 Bd3+ 30. Bc2 Rxc2 31. Rxc2 b3 0-1

[Event "Sparkassen Chess Trophy 2022 A-Open"]
[Site "Dortmund"]
[Date "2024.08.12"]
[Round "3"]
[White "Gluma, Christian"]
[Black "Buksa, Nataliya"]
[Result "0-1"]
[WhiteElo "2091"]
[BlackElo "2396"]
[PlyCount "64"]
[EventDate "2024.08.10"]

1. e4 e5 2. Nf3 Nc6 3. Bc4 Nf6 4. d3 Bc5 5. c3 a6 6. O-O d6 7. Nbd2 Bd7 8. Bb3 O-O 9. Re1 Ng4 10. Re2 Kh8 11. h3 Nh6 12. g4 Nxg4 13. hxg4 Bxg4 14. Qf1 Qd7 15. Qg2 f5 16. Re1 Rf6 17. Ng5 Raf8 18. exf5 Bxf5 19. Nde4 Bxe4 20. Qxe4 Rg6 21. d4 Rf5 22. f4 Rff6 23. Bc2 d5 24. Qh1 Rh6 25. Qg2 exd4 26. cxd4 Nxd4 27. Be3 Nxc2 28. Qxc2 Rxf4 29. Qg2 Rg4 30. Nf7+ Qxf7 31. Qxg4 Rg6 32. Qg2 Qf3 0-1